Teams in the 2021 MLB Postseason - Statistics

General Stats
  • This quiz has been taken 48 times
  • The average score is 9 of 10
Answer Stats
Hint Team % Correct
AL Wild Card New York Yankees
98%
AL Wild Card Boston Red Sox
95%
NL East Atlanta Braves
93%
Al Central Chicago White Sox
93%
NL Wild Card Los Angeles Dodgers
93%
AL West Houston Astros
90%
NL West San Francisco Giants
90%
NL Wild Card St. Louis Cardinals
88%
AL East Tampa Bay Rays
88%
NL Central Milwaukee Brewers
83%
No matching quizzes found
Score Distribution
Percent of People with Each Score
Percentile by Number Answered
Your Score History
You have not taken this quiz